<?xml version="1.0" encoding="UTF-8"?>
<record
    xmlns:xsi="http://www.w3.org/2001/XMLSchema-instance"
    xsi:schemaLocation="http://www.loc.gov/MARC21/slim http://www.loc.gov/standards/marcxml/schema/MARC21slim.xsd"
    xmlns="http://www.loc.gov/MARC21/slim">

  <leader>00667nam a22001337a 4500</leader>
  <datafield tag="040" ind1=" " ind2=" ">
    <subfield code="c">RUA </subfield>
  </datafield>
  <datafield tag="082" ind1=" " ind2=" ">
    <subfield code="a">AVM ROU 2011 B098 Or.1</subfield>
  </datafield>
  <datafield tag="100" ind1=" " ind2=" ">
    <subfield code="a">ROUEN PHEARAK</subfield>
  </datafield>
  <datafield tag="245" ind1=" " ind2=" ">
    <subfield code="a">Pre-weaning piglet care in heng limchor saang district, kandal province, (&#x179F;&#x17B7;&#x1780;&#x17D2;&#x179F;&#x17B6;&#x179B;&#x17BE;&#x1780;&#x17B6;&#x179A;&#x1790;&#x17C2;&#x1791;&#x17C6;&#x17B6;&#x1780;&#x17BC;&#x1793;&#x1787;&#x17D2;&#x179A;&#x17BC;&#x1780;&#x1798;&#x17BB;&#x1793;&#x1796;&#x17C1;&#x179B;&#x1795;&#x17D2;&#x178A;&#x17B6;&#x1785;&#x17CB;&#x178A;&#x17C4;&#x17C7; &#x1793;&#x17C5;&#x1780;&#x179F;&#x17B7;&#x178A;&#x17D2;&#x178B;&#x17B6;&#x1793; &#x17A0;&#x17C1;&#x1784; &#x179B;&#x17B9;&#x1798;&#x1787;&#x179F;&#x17D2;&#x179A;&#x17BB;&#x1784;&#x179F;&#x17D2;&#x17A2;&#x17B6;&#x1784; &#x1781;&#x17C1;&#x178F;&#x17D2;&#x178F;&#x1780;&#x178E;&#x17D2;&#x178A;&#x17B6;&#x179B;)</subfield>
  </datafield>
  <datafield tag="260" ind1=" " ind2=" ">
    <subfield code="a">phnom penh </subfield>
    <subfield code="b">rua </subfield>
    <subfield code="c">2011</subfield>
  </datafield>
  <datafield tag="300" ind1=" " ind2=" ">
    <subfield code="a">ix, 31p.</subfield>
    <subfield code="b">ill.</subfield>
    <subfield code="c">29cm.</subfield>
  </datafield>
  <datafield tag="856" ind1=" " ind2=" ">
    <subfield code="u">https://drive.google.com/file/d/1624j-E6324wTaZSsS6VX1MlCf24hht7m/view?usp=sharing</subfield>
  </datafield>
  <datafield tag="942" ind1=" " ind2=" ">
    <subfield code="c">AVM</subfield>
  </datafield>
  <datafield tag="999" ind1=" " ind2=" ">
    <subfield code="c">2493</subfield>
    <subfield code="d">2493</subfield>
  </datafield>
  <datafield tag="952" ind1=" " ind2=" ">
    <subfield code="0">0</subfield>
    <subfield code="1">0</subfield>
    <subfield code="2">ddc</subfield>
    <subfield code="4">0</subfield>
    <subfield code="6">AVM_ROU_2011_000000000000000_B098_OR_1</subfield>
    <subfield code="7">0</subfield>
    <subfield code="9">11382</subfield>
    <subfield code="a">LBB</subfield>
    <subfield code="b">LBB</subfield>
    <subfield code="c">B098</subfield>
    <subfield code="d">2015-10-21</subfield>
    <subfield code="l">1</subfield>
    <subfield code="o">AVM ROU 2011 B098 Or.1</subfield>
    <subfield code="p">RUA019375</subfield>
    <subfield code="r">2016-07-25</subfield>
    <subfield code="s">2016-07-18</subfield>
    <subfield code="w">2015-10-21</subfield>
    <subfield code="y">AVM</subfield>
  </datafield>
  <datafield tag="952" ind1=" " ind2=" ">
    <subfield code="0">0</subfield>
    <subfield code="1">0</subfield>
    <subfield code="2">ddc</subfield>
    <subfield code="4">0</subfield>
    <subfield code="6">AVM_ROU_2011_000000000000000_B098_OR_2</subfield>
    <subfield code="7">0</subfield>
    <subfield code="9">11383</subfield>
    <subfield code="a">LBB</subfield>
    <subfield code="b">LBB</subfield>
    <subfield code="c">B098</subfield>
    <subfield code="d">2015-10-21</subfield>
    <subfield code="l">1</subfield>
    <subfield code="m">2</subfield>
    <subfield code="o">AVM ROU 2011 B098 Or.2</subfield>
    <subfield code="p">RUA015946</subfield>
    <subfield code="r">2016-06-24</subfield>
    <subfield code="s">2016-04-27</subfield>
    <subfield code="w">2015-10-21</subfield>
    <subfield code="y">AVM</subfield>
  </datafield>
  <datafield tag="952" ind1=" " ind2=" ">
    <subfield code="0">0</subfield>
    <subfield code="1">0</subfield>
    <subfield code="2">ddc</subfield>
    <subfield code="4">0</subfield>
    <subfield code="6">AVM_ROU_2011_000000000000000_B098_OR_3</subfield>
    <subfield code="7">0</subfield>
    <subfield code="9">11384</subfield>
    <subfield code="a">LBB</subfield>
    <subfield code="b">LBB</subfield>
    <subfield code="c">B098</subfield>
    <subfield code="d">2015-10-21</subfield>
    <subfield code="o">AVM ROU 2011 B098 Or.3</subfield>
    <subfield code="p">RUA016146</subfield>
    <subfield code="r">2015-10-21</subfield>
    <subfield code="w">2015-10-21</subfield>
    <subfield code="y">AVM</subfield>
  </datafield>
  <datafield tag="952" ind1=" " ind2=" ">
    <subfield code="0">0</subfield>
    <subfield code="1">0</subfield>
    <subfield code="2">ddc</subfield>
    <subfield code="4">0</subfield>
    <subfield code="6">AVM_ROU_2011_000000000000000_B098_OR_4</subfield>
    <subfield code="7">0</subfield>
    <subfield code="9">11385</subfield>
    <subfield code="a">LBB</subfield>
    <subfield code="b">LBB</subfield>
    <subfield code="c">B098</subfield>
    <subfield code="d">2015-10-21</subfield>
    <subfield code="l">1</subfield>
    <subfield code="o">AVM ROU 2011 B098 Or.4</subfield>
    <subfield code="p">RUA019378</subfield>
    <subfield code="r">2016-10-14</subfield>
    <subfield code="s">2016-10-05</subfield>
    <subfield code="w">2015-10-21</subfield>
    <subfield code="y">AVM</subfield>
  </datafield>
  <datafield tag="952" ind1=" " ind2=" ">
    <subfield code="0">0</subfield>
    <subfield code="1">0</subfield>
    <subfield code="2">ddc</subfield>
    <subfield code="4">0</subfield>
    <subfield code="6">AVM_ROU_2011_000000000000000_B098_OR_5</subfield>
    <subfield code="7">0</subfield>
    <subfield code="9">11386</subfield>
    <subfield code="a">LBB</subfield>
    <subfield code="b">LBB</subfield>
    <subfield code="c">B098</subfield>
    <subfield code="d">2015-10-21</subfield>
    <subfield code="o">AVM ROU 2011 B098 Or.5</subfield>
    <subfield code="p">RUA019303</subfield>
    <subfield code="r">2015-10-21</subfield>
    <subfield code="w">2015-10-21</subfield>
    <subfield code="y">AVM</subfield>
  </datafield>
  <datafield tag="952" ind1=" " ind2=" ">
    <subfield code="0">0</subfield>
    <subfield code="1">0</subfield>
    <subfield code="2">ddc</subfield>
    <subfield code="4">0</subfield>
    <subfield code="6">AVM_ROU_2011_000000000000000_B098_OR_6</subfield>
    <subfield code="7">0</subfield>
    <subfield code="9">11387</subfield>
    <subfield code="a">LBB</subfield>
    <subfield code="b">LBB</subfield>
    <subfield code="c">B098</subfield>
    <subfield code="d">2015-10-21</subfield>
    <subfield code="o">AVM ROU 2011 B098 Or.6</subfield>
    <subfield code="p">RUA028608</subfield>
    <subfield code="r">2015-10-21</subfield>
    <subfield code="w">2015-10-21</subfield>
    <subfield code="y">AVM</subfield>
  </datafield>
</record>
